000 00667cam a2200217 4500
005 20131029052130.0
008 700810t19701969nyu b 001 0 eng
041 0 _aeng
080 _a327.39
100 1 _aCobban, Alfred.
245 1 4 _aThe nation state and national self-determination.
250 _a[Rev. ed.]
260 _aNew York,
_bCrowell
_c[1970, c1969]
300 _a318 p.
_c21 cm.
500 _aPreface : f. [IX] - [X]
500 _a1945 and 1948 editions published under title: National self-determination.
504 _aIncludes bibliographical references.
650 0 _aVetëvendosja
650 0 _2Marrëdhënie ndërkombëtare
942 _2udc
_cBK
999 _c188
_d188